000 04492nam a2200385 a 4500
001 ebr10439274
003 CaPaEBR
006 m u
007 cr cn|||||||||
008 090819s2010 ne sb 101 0 eng d
010 _z 2009033566
020 _z9789004179684 (hardback : alk. paper)
020 _z9004179682 (hardback : alk. paper)
020 _z9789047443988 (e-book)
040 _aCaPaEBR
_cCaPaEBR
035 _a(OCoLC)700295029
050 1 4 _aBX9423.C43
_bI58 2007eb
082 0 4 _a230/.42
_222
110 2 _aInternational Reformed Theological Institute.
_bInternational Conference
_n(7th :
_d2007 :
_cCluj-Napoca, Romania)
245 1 4 _aThe unity of the church
_h[electronic resource] :
_ba theological state of the art and beyond /
_cedited by Eduardus Van der Borght.
260 _aLeiden [Netherlands] ;
_aBoston :
_bBrill,
_c2010.
300 _ax, 350 p.
490 1 _aStudies in Reformed theology,
_x1571-4799 ;
_vv. 18
500 _a"The articles in this volume stem from contributions to the Seventh Biannual Conference of the academic network of International Reformed Theological Institute (IRTI) held in Cluj-Napoca, Romania from 3 to 8 July 2007."--P.
504 _aIncludes bibliographical references and index.
505 0 _aThe unity of the church and the Reformed tradition : an introduction / Eduardus Van der Borght -- Pt. 1. Framing unity of the church as a theological problem. Communion : responding to God's gift / Lukas Vischer -- Church unity, territorialism, and state formation in the era of confessionalisation / Wim Janse -- Parallel coexistence of churches : the church in Transylvania : its unity and disunity : a contextualized example / Juh�asz Tam�as -- "Is Christ divided?" : an analysis of the theological justification of a church schism / J.H. (Amie) van Wyk -- Calvinus Oecumenicus : Calvin's vision of the unity and Catholicity of the church / I. John Hesselink -- Pt. 2. The tools for the unity of the church : a theological analysis. One church and the pure preaching of the word : theses and observations on the theme / Alasdair Heron -- A biblical theological hermeneutics, the pure preaching of the word of God, and the unity of the church / Seung-Goo Lee -- The medium and the message : sola scriptura and (dis)unity in the Reformed tradition / Dora Bernhardt -- The unity of the church and the pure administration of the sacraments / Lyle D. Bierma -- Confessions as instruments of (dis)unity? / Dirkie Smit -- Forms of unity or of disunity : the confessions in the recent history of the Protestant Church in the Netherlands / Henk van den Belt -- Gospel discipline and church (dis)unity in the Reformed tradition / Alan P.F. Sell -- Pt. 3. Ecumenical explorations on the unity of the church. The healing of memories : finding one another again in Christ / Jeffrey Gros -- An asymptotic dialogue? : a response to Jeffrey Gros / Leo J. Koffeman -- Ecumenical theology and the unity of the church : a Reformed understanding of ecumenical engagement and the unity of the church / Setri Nyomi -- 'No popery' : a blessing or a curse? : ministry as an instrument of unity within the Reformed tradition / Eduardus Van der Borght -- Office as an instrument of unity / Allan Janssen -- Pt. 4. The theological basis for the unity of the church. One God and one church : considerations on the unity of the church from the perspective of biblical theology / Abraham van de Beek -- One Savior, one church : reconciliation as justification and "new creation" / Philippe Theron -- The reality of the unified church / Annette Mosher -- The church as an echo of the Triune God / Christiaan Mostert -- Is the Triune God a model for the one church? : reply to Christiaan Mostert / Paul Wells -- Trinitarian ecclesiology and the search for unity : a Reformed reading of Miroslav Volf / Gijsbert van den Brink -- The church as sacrament / Martien E. Brinkman.
533 _aElectronic reproduction.
_bPalo Alto, Calif. :
_cebrary,
_d2013.
_nAvailable via World Wide Web.
_nAccess may be limited to ebrary affiliated libraries.
650 0 _aReformed Church
_xDoctrines
_vCongresses.
650 0 _aChurch
_xUnity
_vCongresses.
655 7 _aElectronic books.
_2local
700 1 _aBorght, Ed. A. J. G. van der,
_d1956-
710 2 _aebrary, Inc.
830 0 _aStudies in Reformed theology ;
_v18.
856 4 0 _uhttp://site.ebrary.com/lib/rucke/Doc?id=10439274
_zAn electronic book accessible through the World Wide Web; click to view
999 _c243855
_d243855